00209nam a2200073Ia 4500008004100000082001600041100002000057245005800077210430s9999 xx 000 0 und d a543 S6287 P aDouglas A Skoog aPrinciples of Instrumental Analysis cDouglas A Skoog